| 000 | 00335nam a2200133Ia 4500 | ||
|---|---|---|---|
| 005 | 20251222155119.0 | ||
| 008 | 251222s9999||||xx |||||||||||||| ||spa|| | ||
| 082 | _aENC. 10.12 | ||
| 100 | _aLA ROUSSE, | ||
| 245 | 0 | _aGran Historia Universal La Rousse12 Las Revoluciones | |
| 250 | _a1ra. ed. | ||
| 264 | _bLa República | ||
| 942 | _cLIB | ||
| 999 |
_c38355 _d38355 |
||